Geography Quiz

Random Geography or Asia Quiz

Tricky-to-spell geography Quiz Stats

Quiz not verified by Sporcle

Challenge
Share
Tweet
Embed
Score 0/28 Timer 06:00
0 Plays Today
Description Answer % Correct
Sporcle-infamous countryKyrgyzstan
87.3%
US state whose capital is BostonMassachusetts
78.5%
Proper name of the Ivory CoastCôte d'Ivoire
65.2%
Largest city in New Mexico, USAAlbuquerque
56.3%
Major French city known for its wineBordeaux
51%
Third largest city in Ohio, USACincinnati
49%
Capital of SloveniaLjubljana
42.2%
Country in the CaucasusAzerbaijan
39.1%
Capital of Burkina FasoOuagadougou
38.5%
City formerly known as CantonGuangzhou
28.8%
Capital of the Ivory CoastYamoussoukro
28.3%
South Africa's judicial capitalBloemfontein
27.9%
Capital of MyanmarNaypyidaw
24.5%
Major two-word Russian cityNizhny Novgorod
17.7%
Description Answer % Correct
Sri Lanka's administrative capitalSri Jayawardenapura-Kotte
13.6%
Second largest Ukrainian cityDnepropetrovsk
13%
French Caribbean island abbr. to St. BartsSaint Barthélemy
8.2%
5-million city in central ChinaChongqing
8.2%
Polish city called Stettin in GermanSzczecin
7.8%
Largest coastal city in Colombia (4th overall)Barranquilla
7.7%
Volcano whose 2010 eruption blocked European air trafficEyjafjallajökull
7.7%
Russian archipelago north of EuropeNovaya Zemlya
5%
Largest city in Hebei, ChinaShijiazhuang
4.9%
Third largest city in the DRCMbuji-Mayi
4.8%
Largest European city on Z, as well as a major Ukrainian industrial cityZaporizhia
4.5%
13-letter city on India's east coastVisakhapatnam
2.9%
Chinese city near Beijing formerly known as KalganZhangjiakou
2.2%
South African metro of East RandEkurhuleni
1.5%

You're not logged in!

Compare scores with friends on all Sporcle quizzes.
Sign Up with Email
OR
Log In

You Might Also Like...

Show Comments

Extras

Top Quizzes Today


Score Distribution

Your Account Isn't Verified!

In order to create a playlist on Sporcle, you need to verify the email address you used during registration. Go to your Sporcle Settings to finish the process.